000 00462nam a22001577a 4500
005 20240702144723.0
008 240702b |||||||| |||| 00| 0 eng d
041 _aEnglish/Afrikaans
082 _a349 SOU
100 _lEnglish
245 _aSouth African Criminal Law Reports
260 _aCape Town:
_bJuta and Company Ltd,
_c1996
300 _blxix, 743 pages;
_c26 cm.
650 _aLegal practice
_bLaw
942 _cBK
_6ALISON_BN_VRIES
999 _c2095
_d2095